اكتمل التصدير — 

 A course in fuzzy systems and control

Сохранить в:
Библиографические подробности
Главный автор:  Wang, Li-Xin
Формат: Sách
Язык:Undetermined
Опубликовано:  Prentice Hall PTR  1997
Предметы:
Метки: Добавить метку
Нет меток, Требуется 1-ая метка записи!
Thư viện lưu trữ: Trung tâm Thư viện - Trường Đại học Công nghiệp TP. Hồ Chí Minh
LEADER 00574nam a2200157Ia 4500
001 UIH_06225
008 231011s9999 xx 000 0 und d
082 |a  629.83 
100 |a  Wang, Li-Xin 
245 0 |a  A course in fuzzy systems and control 
245 0 |c  Wang, Li-Xin 
260 |b  Prentice Hall PTR 
260 |c  1997 
650 |a  Neural networks (Computer science); Fuzzy systems; Điều khiển tự động; Hệ thống mờ;  
927 |a Sách 
980 |a Trung tâm Thư viện - Trường Đại học Công nghiệp TP. Hồ Chí Minh